| 000 | 00572nam a2200229 a 4500 | ||
|---|---|---|---|
| 005 | 20210219153116.0 | ||
| 008 | 991125n 000 0 u | ||
| 035 | _aUPN01000078344 | ||
| 100 | 1 | _aLlorente, Emilio | |
| 222 | 0 | _aCUADERNOS DE PEDAGOGIA | |
| 245 | 0 | 0 | _aExamen al ruido |
| 300 | _a40-44 | ||
| 362 | 0 | _a1992 No. 203, may. | |
| 653 | 0 | _aBACHILLERATO | |
| 653 | 0 | _aCONTAMINACION | |
| 653 | 0 | _aINVESTIGACION EDUCATIVA | |
| 653 | 0 | _aMEDIO AMBIENTE | |
| 653 | 0 | _aRUIDO | |
| 700 | 1 |
_aArgiles, Anna, _ecoaut. |
|
| 904 |
_aAC _b016155 |
||
| 905 | _aArticulo | ||
| 999 |
_c68656 _d68656 |
||